000 00505nam a2200169Ia 4500
005 20250508153404.0
008 008 250505s9999 xx 000 0 eng d
037 _aTextual
040 _aFEDL
_beng
_cFEDL
041 _aeng
_2eng
084 _a362.7, UNI
_qFEDL
245 0 _aChild welfare services : How they help children and their parents
245 0 _cU. S. Department of Health, Education and Welfare
300 _av,94p
942 _cTEXL
_h362.7, UNI
999 _c1342492
_d1342492